01145cam a22002655a 45000010009000000050017000090080041000260200043000670400028001100820021001381000034001592450133001932600090003263000035004165000024004515040041004756500040005166500034005566530037005907000034006277000023006619420021006849990017007059520157007221600715920151117151305.0091203t2010 maua frb 001 0 eng d a9780262026512 (hardcover : alk. paper) aDLCcDLCdEG-ScBUEbeng04a025.524222bBUT1 aBüttcher, Stefan.93876910aInformation retrieval :bimplementing and evaluating search engines /cStefan Buttcher, Charles L. A. Clarke, Gordon V. Cormack. aCambridge, Massachusetts ;aLondon :bMassachusetts Institute of Technology,cc.2010. axxiv, 606 p. :bill. ;c24 cm. aIndex : p. 597-606. aIncludes bibliographical references. 0aSearch enginesxProgramming.2BUEsh 0aInformation retrieval.2BUEsh bCOMSCIcAugust2015cNovember20151 aClarke, Charles L. A.,d1964-1 aCormack, Gordon V. 2ddck025.524 BUT c20532d20504 00102ddc40708BaccahaMAINbMAINcLOWd2015-08-17ePurchaseg330.00h21782l1m4o025.524 BUTp000030764r2025-07-15 00:00:00s2018-11-17v413.00yBB